00422nam a2200157Ia 450000500170000000800460001703700120006304000210007504100130009608400210010910000150013024500280014526000650017330000100023865000160024820250508162728.0008 250505s9999 xx 000 0 eng d aTextual aFEDL bengcFEDL aeng2eng a155.2, KUNqFEDL aKundu C.L. 0aPersonality development aNew Delhi, IndiabSterling Publishers Private Limited c1989 a260p. aPersonality